000 01094 a2200193 4500
020 _a0201873796
020 _a9780201873795
082 0 4 _a651.79
090 _c2018
_d2018
100 1 _aBannan, Joan.
245 1 0 _aIntranet document management :
_ba guide for webmasters and content providers /
_cJoan Bannan.
260 _a[S.l.] :
_bAddison-Wesley (C),
_c1997.
300 _a295 p. ;
_c24 cm.
500 _aTextbook Binding.
520 _aIntranet Document Management is the first book to address the most important considerations in designing and maintaining an organization's Intranet. Web site implementers who want to transform document and information management by instituting an internal "Web" within their organization will learn how to manage extensive collections of Web documents, handle very large documents, convert legacy documents, access databases.
856 4 0 _3Amazon.com
_uhttp://www.amazon.com/exec/obidos/ASIN/0201873796/chopaconline-20
856 4 0 _3Amazon customer reviews
_uhttp://www.chopac.org/cgi-bin/tools/azrev.pl?q=0201873796
942 _aNBS
_cBK
_k651.79 BAN
999 _c344521
_d344521